[Event "Max Euwe Challenge"]
[Site "Amsterdam NED"]
[Date "2010.02.19"]
[Round "1"]
[White "Schut,L"]
[Black "Bezemer,A"]
[Result "0-1"]
[WhiteElo "2219"]
[BlackElo "2343"]
[EventDate "2010.02.21"]

1. e4 c5 2. Nf3 d6 3. d4 cxd4 4. Nxd4 Nf6 5. Nc3 a6 6. Bg5 Nbd7 7. Bc4 e6
8. O-O Qb6 9. Bb3 Be7 10. Be3 Nc5 11. f4 Qc7 12. f5 Bd7 13. a3 b5 14. Ba2
e5 15. Nf3 Bc6 16. Bxc5 dxc5 17. Bd5 Rd8 18. Bxc6+ Qxc6 19. Qe2 c4 20. Kh1
Qc5 21. Rad1 O-O 22. Rd2 Rxd2 23. Nxd2 Rd8 24. Rd1 Qc6 25. Nf1 Rd4 26. Rxd4
exd4 27. Nd5 Bc5 28. Ng3 Nxd5 29. exd5 Qxd5 30. Qg4 Qe5 31. h3 d3 32. Kh2
Bd6 33. cxd3 cxd3 34. f6 Qxg3+ 0-1

[Event "Max Euwe Challenge"]
[Site "Amsterdam NED"]
[Date "2010.02.19"]
[Round "1"]
[White "Vedder,H"]
[Black "Shiven,K"]
[Result "1/2-1/2"]
[WhiteElo "2377"]
[BlackElo "2291"]
[EventDate "2010.02.21"]

1. e4 c5 2. Nf3 d6 3. c3 Nf6 4. h3 g6 5. Bd3 Bg7 6. Bc2 O-O 7. d4 b6 8. O-O
Bb7 9. Re1 Nbd7 10. Nbd2 Rc8 11. Nf1 Qc7 12. Bd3 e5 13. Ng3 Rfe8 14. dxe5
dxe5 15. Bc4 Nb8 16. Bg5 h6 17. Bxf6 Bxf6 18. Nf1 Bg7 19. Qe2 Kh8 20. Rad1
Rcd8 21. Qc2 Bc6 22. Ne3 b5 23. Bd5 c4 24. b4 Rf8 25. a4 a6 26. Bxc6 Qxc6
27. axb5 axb5 28. Rxd8 Rxd8 29. Rd1 Rxd1+ 30. Qxd1 Nd7 31. Qd5 Qxd5 32.
Nxd5 f5 33. Nd2 Bf6 34. Nc7 Bg5 35. Nf3 Bc1 36. Nh4 fxe4 37. Nxg6+ Kg7 38.
Ne7 Nb6 39. Ned5 Nxd5 40. Nxd5 Kf7 41. Kf1 Bb2 42. Ke2 Ke6 43. Nc7+ Kd7 44.
Nxb5 Kc6 1/2-1/2

[Event "Max Euwe Challenge"]
[Site "Amsterdam NED"]
[Date "2010.02.19"]
[Round "1"]
[White "Riemersma,L"]
[Black "Singh,Gurp"]
[Result "1-0"]
[WhiteElo "2431"]
[BlackElo "2303"]
[EventDate "2010.02.21"]

1. d4 b5 2. e4 Bb7 3. Bd3 e6 4. Nf3 c5 5. c3 a6 6. O-O Nf6 7. Re1 Be7 8. e5
Nd5 9. dxc5 Bxc5 10. Nbd2 Be7 11. Ne4 O-O 12. a4 f5 13. exf6 Nxf6 14. Nfg5
Nxe4 15. Bxe4 Bxe4 16. Nxe4 b4 17. c4 d5 18. Ng3 dxc4 19. Qg4 Qc8 20. Be3
Bf6 21. Rac1 c3 22. Qxb4 Nc6 23. Qe4 Na5 24. Nh5 Qc4 25. Nxf6+ gxf6 26. Bd4
e5 27. Bxc3 Qxe4 28. Rxe4 Nb3 29. Rd1 Rfd8 30. Rxd8+ Rxd8 31. f4 Nc5 32.
Rc4 Rd5 33. fxe5 fxe5 34. Kf2 Kf7 35. Ke3 Ke6 36. a5 Rd3+ 37. Ke2 Rd5 38.
Rh4 Rd7 39. Rh5 Nd3 40. g3 Kf6 41. Rh6+ Kf5 42. Rxa6 Ke4 43. Rb6 Rf7 44.
Be1 Rc7 45. Bd2 Rf7 46. Rb3 Rf2+ 47. Kd1 Rf6 48. Kc2 Nc5 49. Re3+ Kd5 50.
b4 Ne6 51. Bc3 Rf2+ 52. Kd3 Rf5 53. a6 Nc7 54. a7 Na8 55. g4 Rg5 56. h3 Nb6
57. Re4 h6 58. h4 1-0

[Event "Max Euwe Challenge"]
[Site "Amsterdam NED"]
[Date "2010.02.19"]
[Round "1"]
[White "Motoc,A"]
[Black "Wemmers,X"]
[Result "0-1"]
[WhiteElo "2349"]
[BlackElo "2404"]
[EventDate "2010.02.21"]

1. d4 Nf6 2. c4 e6 3. Nc3 Bb4 4. Qc2 O-O 5. a3 Bxc3+ 6. Qxc3 d5 7. Nf3 Ne4
8. Qc2 Nc6 9. e3 f5 10. b4 a6 11. Bd3 Bd7 12. O-O Be8 13. Nd2 Bh5 14. f3
Qh4 15. cxd5 exd5 16. fxe4 fxe4 17. Bxa6 Rxa6 18. Rxf8+ Kxf8 19. Bb2 Ne7
20. Qxc7 Rf6 21. Rf1 Be2 22. Rxf6+ gxf6 23. Qg3 Qh5 24. Qb8+ Kf7 25. Qf4
Bd1 26. Nf1 Qe2 27. Qf2 Qc4 28. h3 Bc2 29. Ng3 Kg6 30. h4 Qb3 31. Bc1 Bd3
32. h5+ Kf7 33. Qd2 b5 34. Kh2 Qc4 35. Qe1 Qc8 36. Qd1 Qc7 37. Bd2 Nf5 38.
Qe1 Nh6 39. Kg1 Ng4 40. Bc1 Qd6 41. Bd2 f5 42. Bc1 Ke6 43. Bd2 Qc7 44. Bc1
Qg7 45. Qc3 Bc4 46. Nf1 Qg5 47. Bd2 Kd7 48. g3 Qxh5 49. Be1 Qh3 0-1

[Event "Max Euwe Challenge"]
[Site "Amsterdam NED"]
[Date "2010.02.20"]
[Round "2"]
[White "Bezemer,A"]
[Black "Shiven,K"]
[Result "0-1"]
[WhiteElo "2343"]
[BlackElo "2291"]
[EventDate "2010.02.21"]

1. e4 c5 2. Nf3 d6 3. d4 cxd4 4. Nxd4 Nf6 5. Nc3 Nc6 6. Bc4 e6 7. Bb3 a6 8.
f4 Qc7 9. Be3 Be7 10. O-O O-O 11. f5 Nxd4 12. Qxd4 Ng4 13. Qb6 Bd8 14. Qxc7
Bxc7 15. Bd4 Bd7 16. Rad1 Rad8 17. h3 Ne5 18. fxe6 fxe6 19. Ne2 Bc8 20. Nf4
Rfe8 21. Rd2 b5 22. a4 Nc4 23. Rdf2 Rf8 24. axb5 axb5 25. Nd3 e5 26. Be3
Bb7 27. Rxf8+ Rxf8 28. Nf2 Kh8 29. Bxc4 bxc4 30. Ra1 Rb8 31. Ra7 Bd8 32.
Ra4 d5 33. exd5 Bxd5 34. b3 cxb3 35. cxb3 Rxb3 36. Bc5 Rc3 37. Rb4 Bc7 38.
Bb6 Rc1+ 39. Kh2 Bd6 40. Rb2 e4+ 41. g3 Rc3 42. Rd2 Bxg3+ 43. Kg2 Bxf2 44.
Bxf2 Rd3 45. Rxd3 exd3+ 46. Kf1 0-1

[Event "Max Euwe Challenge"]
[Site "Amsterdam NED"]
[Date "2010.02.20"]
[Round "2"]
[White "Kleijn,C"]
[Black "Vedder,H"]
[Result "1/2-1/2"]
[WhiteElo "2359"]
[BlackElo "2377"]
[EventDate "2010.02.21"]

1. e4 e6 2. d4 d5 3. Nc3 Bb4 4. e5 c5 5. a3 Bxc3+ 6. bxc3 Qa5 7. Bd2 Qa4 8.
Qb1 c4 9. g3 Nc6 10. Bg2 Bd7 11. Ne2 O-O-O 12. O-O f6 13. exf6 Nxf6 14. Re1
Rhf8 15. Nf4 Rde8 16. h4 b6 17. Re2 e5 18. dxe5 Nxe5 19. Qb4 Qxc2 20. Be1
Qf5 21. Qd6 Ne4 22. Qxd5 Nf3+ 23. Bxf3 Qxd5 24. Nxd5 Rxf3 25. Rd1 Rd3 26.
Rxd3 cxd3 27. Rb2 Nxg3 28. fxg3 Rxe1+ 29. Kf2 Re5 30. c4 Bf5 31. Kf3 g6 32.
Ne3 Bd7 33. Kf4 Ra5 34. Rb3 d2 35. Rd3 Ra4 36. Kg5 d1=Q 37. Nxd1 Rxc4 38.
Kh6 Bf5 39. Rc3 Rxc3 40. Nxc3 Kb7 41. Kxh7 g5+ 42. Kg7 gxh4 43. gxh4 Bg4
44. Kg6 Kc6 45. Ne4 b5 46. Kg5 1/2-1/2

[Event "Max Euwe Challenge"]
[Site "Amsterdam NED"]
[Date "2010.02.20"]
[Round "2"]
[White "Singh,Gurp"]
[Black "Motoc,A"]
[Result "1/2-1/2"]
[WhiteElo "2303"]
[BlackElo "2349"]
[EventDate "2010.02.21"]

1. e4 c5 2. Nc3 d6 3. f4 g6 4. d4 cxd4 5. Qxd4 Nf6 6. e5 Nc6 7. Bb5 Nd7 8.
Bxc6 bxc6 9. exd6 Nf6 10. Be3 Qxd6 11. Qxd6 exd6 12. Bd4 Bg7 13. O-O-O O-O
14. Nf3 Rd8 15. Bc5 Bf8 16. Bd4 Nh5 17. Ne4 Be7 18. g3 c5 19. Bc3 Bb7 20.
Rhe1 d5 21. Nf2 d4 22. Rxe7 Bxf3 23. Ba5 Rd6 24. Rd3 Kf8 25. Rc7 Bc6 26.
Rd2 Nf6 27. Nd3 Ne8 28. Nxc5 Nxc7 29. Bxc7 Rd5 30. Nb3 Rc8 31. Ba5 d3 32.
Bb4+ Kg8 33. Rxd3 Rxd3 34. cxd3 Bd5+ 35. Kd2 Bxb3 36. axb3 f5 37. Bc3 Kf7
38. Bd4 a6 39. Bc3 Ke6 40. Bd4 Kd5 41. Bc3 Re8 42. Bf6 Kc5 43. Bc3 h6 44.
h4 Re6 45. Be5 Kd5 1/2-1/2

[Event "Max Euwe Challenge"]
[Site "Amsterdam NED"]
[Date "2010.02.20"]
[Round "2"]
[White "Wemmers,X"]
[Black "Afek,Y"]
[Result "1-0"]
[WhiteElo "2404"]
[BlackElo "2280"]
[EventDate "2010.02.21"]

1. e4 c5 2. Nf3 d6 3. d4 cxd4 4. Nxd4 Nf6 5. Nc3 g6 6. g3 Nc6 7. Nde2 b6 8.
Bg2 Ba6 9. O-O Bg7 10. b3 O-O 11. Bb2 Rc8 12. Re1 Qc7 13. a4 Nb4 14. Nd4
Qc5 15. Qd2 e6 16. Rac1 Ng4 17. Nd1 Bh6 18. f4 Bg7 19. h3 Nc6 20. c3 Nxd4
21. cxd4 Bxd4+ 22. Kh1 Nf2+ 23. Nxf2 Bxf2 24. Rxc5 Bxe1 25. Qxe1 Rxc5 26.
Qd2 e5 27. fxe5 dxe5 28. Ba3 Rfc8 29. Bxc5 Rxc5 30. b4 Rc4 31. Bf1 1-0

[Event "Max Euwe Challenge"]
[Site "Amsterdam NED"]
[Date "2010.02.21"]
[Round "3"]
[White "Afek,Y"]
[Black "Singh,Gurp"]
[Result "0-1"]
[WhiteElo "2280"]
[BlackElo "2303"]
[EventDate "2010.02.21"]

1. e4 e6 2. d4 d5 3. e5 c5 4. c3 Qb6 5. a3 Nc6 6. Nf3 Nh6 7. Bd3 Bd7 8.
dxc5 Bxc5 9. O-O a5 10. Nbd2 Ng4 11. Qe2 Qc7 12. Nb3 Ba7 13. Bf4 f6 14.
Rae1 O-O 15. Bg3 Ngxe5 16. Nxe5 Nxe5 17. Qh5 g6 18. Bxe5 fxe5 19. Bxg6 Bb5
20. Rxe5 Bxf1 21. Kxf1 Rxf2+ 22. Ke1 Rxg2 23. Bd3 Qf7 24. Qh4 0-1

[Event "Max Euwe Challenge"]
[Site "Amsterdam NED"]
[Date "2010.02.21"]
[Round "3"]
[White "Vedder,H"]
[Black "Wemmers,X"]
[Result "1/2-1/2"]
[WhiteElo "2377"]
[BlackElo "2404"]
[EventDate "2010.02.21"]

1. e4 e6 2. d4 d5 3. Bd3 dxe4 4. Bxe4 c5 5. c3 Nf6 6. Bf3 Nc6 7. Ne2 e5 8.
Bxc6+ bxc6 9. O-O exd4 10. cxd4 Be7 11. Qa4 O-O 12. dxc5 Bg4 13. Nbc3 Bxc5
14. Bg5 Bxe2 15. Nxe2 Re8 16. Rad1 Qe7 17. Nd4 Qe5 18. Bh4 Bxd4 19. Rxd4
Nd5 20. Bg3 Qf6 21. Rd2 h6 22. h3 Qg5 23. Rd3 Qg6 24. Ra3 Re4 25. Qc2 h5
26. f3 Re6 27. Qxg6 fxg6 28. Re1 Kf7 29. Rxe6 Kxe6 30. Bf2 a6 31. Bd4 Kf7
32. Kf2 Nc7 33. Rb3 Nb5 34. Bc5 Ke6 35. Rd3 Rb8 36. a4 Nc7 37. Rd6+ Ke5 38.
b4 Nd5 39. Rxc6 Nxb4 40. Bxb4 Rxb4 41. Rxa6 Rb2+ 42. Kg3 h4+ 43. Kh2 Kf5
44. Ra5+ Kf6 45. Rb5 Ra2 46. a5 g5 47. Rb6+ Kf5 48. a6 Kf4 49. Rc6 Ra1 50.
Rc7 Rxa6 51. Rxg7 Kf5 52. Rg8 Ra4 53. Rf8+ Kg6 54. Re8 Kf5 55. Kg1 Kf4 56.
Kf2 Ra2+ 57. Re2 Ra4 58. Rc2 Ke5 1/2-1/2

[Event "Max Euwe Challenge"]
[Site "Amsterdam NED"]
[Date "2010.02.21"]
[Round "3"]
[White "Riemersma,L"]
[Black "Bezemer,A"]
[Result "1-0"]
[WhiteElo "2431"]
[BlackElo "2343"]
[EventDate "2010.02.21"]

1. d4 d5 2. c4 c6 3. Nf3 Nf6 4. Nc3 e6 5. Bg5 h6 6. Bh4 dxc4 7. e4 g5 8.
Bg3 b5 9. Be2 Bb7 10. Ne5 Nbd7 11. O-O Bg7 12. Nxd7 Nxd7 13. Bd6 a6 14. e5
c5 15. d5 Nxe5 16. dxe6 Nd3 17. exf7+ Kxf7 18. Bxd3 cxd3 19. Qxd3 Qd7 20.
Qg3 Qf5 21. f4 g4 22. Be5 Rhe8 23. Rae1 Rad8 24. Nd1 Rd2 25. Ne3 Qg6 26.
Rf2 Rxf2 27. Qxf2 h5 28. Rd1 Kg8 29. f5 Qc6 30. Rd6 Qe4 31. Bxg7 Qxe3 32.
Qxe3 Rxe3 33. f6 g3 34. hxg3 Rxg3 35. Rd8+ Kh7 36. f7 1-0

[Event "Max Euwe Challenge"]
[Site "Amsterdam NED"]
[Date "2010.02.21"]
[Round "3"]
[White "Shiven,K"]
[Black "Kleijn,C"]
[Result "1-0"]
[WhiteElo "2291"]
[BlackElo "2359"]
[EventDate "2010.02.21"]

1. e4 c5 2. Nf3 e6 3. d4 cxd4 4. Nxd4 Nf6 5. Nc3 d6 6. Be2 Be7 7. O-O O-O
8. Kh1 Nc6 9. Be3 Bd7 10. f4 Nxd4 11. Bxd4 Bc6 12. Qd3 a6 13. Qg3 b5 14. a3
g6 15. Bf3 Qd7 16. Rae1 Rad8 17. Re2 d5 18. exd5 Nxd5 19. Nxd5 Bxd5 20.
Bxd5 Qxd5 21. c3 Qc4 22. Ree1 Rd5 23. f5 Bd6 24. Qh4 e5 25. Qh6 Rd8 26.
fxg6 hxg6 27. Qg5 Rd7 28. Be3 e4 29. Qg4 Re7 30. Rf6 Kg7 31. Ref1 Rh5 32.
h3 Be5 33. R6f2 Qd3 34. Bc5 Rd7 35. Bd4 Bxd4 36. Qxd7 Bxf2 37. Qxd3 exd3
38. Rxf2 Rd5 39. Rf1 f5 40. Kg1 d2 41. Rd1 Kf6 42. Kf2 Ke5 43. Ke3 a5 44.
b4 axb4 45. axb4 Rd6 46. Rxd2 Rc6 47. Rd3 Ra6 48. Rd8 Rb6 49. Rc8 Rb7 50.
Rc5+ Kf6 51. h4 Kg7 52. h5 gxh5 53. Rxf5 Kg6 54. Rc5 Rb8 55. Kf3 Rd8 56.
Kg3 Re8 57. Kf2 Rb8 58. Kg1 Rb7 59. Kh2 Rb8 60. g3 Rb6 61. Kh3 Rb8 62. Kh4
Re8 63. Rg5+ Kf6 64. Rxb5 1-0

[Event "Max Euwe Challenge"]
[Site "Amsterdam NED"]
[Date "2010.02.21"]
[Round "3"]
[White "Motoc,A"]
[Black "Schut,L"]
[Result "0-1"]
[WhiteElo "2349"]
[BlackElo "2219"]
[EventDate "2010.02.21"]

1. Nf3 Nf6 2. c4 g6 3. Nc3 d5 4. cxd5 Nxd5 5. h4 c5 6. h5 Bg7 7. Qa4+ Bd7
8. Qh4 Nb4 9. hxg6 fxg6 10. Rb1 N8c6 11. Qc4 Na5 12. Qxc5 Nc2+ 13. Kd1 Rc8
14. Qd5 Bxc3 15. Rxh7 Ne3+ 0-1

[Event "Max Euwe Challenge"]
[Site "Amsterdam NED"]
[Date "2010.02.22"]
[Round "4"]
[White "Bezemer,A"]
[Black "Kleijn,C"]
[Result "0-1"]
[WhiteElo "2343"]
[BlackElo "2359"]
[EventDate "2010.02.21"]

1. d4 d5 2. c4 c6 3. Nf3 Nf6 4. Nc3 dxc4 5. a4 Bf5 6. e3 e6 7. Bxc4 Bb4 8.
O-O O-O 9. Qe2 Bg6 10. Ne5 Nbd7 11. Nxg6 hxg6 12. Rd1 Qa5 13. Qc2 Rac8 14.
Qb3 e5 15. Bd2 exd4 16. exd4 Nb6 17. Be2 Rcd8 18. Be1 Rd7 19. Bf3 Rfd8 20.
Ne2 Bxe1 21. Rxe1 Nbd5 22. g3 Qb4 23. Qc2 a5 24. h4 Nc7 25. Qc3 Qb6 26.
Rab1 Qa7 27. b4 Nfd5 28. Bxd5 Nxd5 29. Qc5 b6 30. Qxc6 Nxb4 31. Qb5 Nc2 32.
Rec1 Na3 33. Qxb6 Nxb1 34. Qxb1 Re7 35. Rc2 Qd7 36. Qa2 Rde8 37. d5 Re4 38.
Rd2 Rxa4 39. Qc2 Rae4 40. Qd3 a4 41. Nc3 Re1+ 42. Kg2 a3 43. Nb5 Rh1 44.
Nxa3 Qh3+ 45. Kf3 Rhe1 46. Nc2 R1e5 47. Ne3 Rd8 48. Rd1 Rd6 49. Qd4 Re8 50.
Ng2 Ra8 51. Re1 Ra3+ 52. Re3 Ra2 53. Re8+ Kh7 54. Nf4 Qh1+ 55. Kg4 f5+ 56.
Kg5 Qf3 57. Ne6 Rxe6 58. dxe6 Qh5+ 59. Kf4 Qg4+ 60. Ke5 0-1

[Event "Max Euwe Challenge"]
[Site "Amsterdam NED"]
[Date "2010.02.22"]
[Round "4"]
[White "Wemmers,X"]
[Black "Shiven,K"]
[Result "1/2-1/2"]
[WhiteElo "2404"]
[BlackElo "2291"]
[EventDate "2010.02.21"]

1. e4 c5 2. Nf3 d6 3. d4 cxd4 4. Nxd4 Nf6 5. Nc3 g6 6. Be3 Bg7 7. Be2 O-O
8. f4 Nc6 9. Nb3 Be6 10. g4 Rc8 11. g5 Ne8 12. h4 Na5 13. h5 Nc4 14. Bxc4
Rxc4 15. Qd3 Qc8 16. Nd4 Rb4 17. b3 d5 18. e5 Nc7 19. Qd2 Rd8 20. hxg6 hxg6
21. O-O-O Bg4 22. Rdg1 Rb6 23. Rh4 Bh5 24. Nce2 Nb5 25. Nxb5 Rxb5 26. Bd4
Qc7 27. Ng3 Bf3 28. Qd3 Rb4 29. Qd2 Rb5 30. e6 fxe6 31. Bxg7 Kxg7 32. Qd4+
e5 33. fxe5 Qc5 34. Rf1 Qxd4 35. Rxd4 Rf8 36. Kd2 Rc5 37. Rf2 Rcc8 38. c3
Rc6 39. Rd3 Be4 40. Rxf8 Kxf8 41. Rd4 Kf7 42. Ra4 a6 43. Rb4 b5 44. Nxe4
dxe4 45. Rxe4 Ke6 46. a4 bxa4 47. Rxa4 1/2-1/2

[Event "Max Euwe Challenge"]
[Site "Amsterdam NED"]
[Date "2010.02.22"]
[Round "4"]
[White "Singh,Gurp"]
[Black "Vedder,H"]
[Result "1-0"]
[WhiteElo "2303"]
[BlackElo "2377"]
[EventDate "2010.02.21"]

1. e4 e6 2. d4 d5 3. Nc3 Nf6 4. Bg5 dxe4 5. Nxe4 Nbd7 6. Nf3 h6 7. Nxf6+
Nxf6 8. Be3 Nd5 9. Bd3 c5 10. O-O Bd6 11. dxc5 Nxe3 12. fxe3 Bxc5 13. Ne5
O-O 14. Nxf7 Qd5 15. Bg6 Bd7 16. Kh1 Bb5 17. c4 Qxd1 18. Rfxd1 Be8 19. Ne5
Bxg6 20. Nxg6 Rf6 21. Ne5 Rf5 22. Nf3 Bxe3 23. Re1 Bc5 24. Rxe6 Rd8 25.
Rae1 Kh7 26. h3 Bb4 27. Rc1 Rd3 28. Kg1 Bc5+ 29. Kf1 Bd4 30. Ke2 Rdxf3 31.
gxf3 Rh5 32. b3 Rxh3 33. Re7 Rg3 34. Rxb7 Bc5 35. b4 Rg2+ 1-0

[Event "Max Euwe Challenge"]
[Site "Amsterdam NED"]
[Date "2010.02.22"]
[Round "4"]
[White "Schut,L"]
[Black "Afek,Y"]
[Result "1/2-1/2"]
[WhiteElo "2219"]
[BlackElo "2280"]
[EventDate "2010.02.21"]

1. e4 e6 2. b3 d5 3. Bb2 Nf6 4. e5 Ng8 5. f4 c5 6. Nf3 Nc6 7. Be2 Nh6 8.
O-O Be7 9. Nc3 O-O 10. Qe1 Bd7 11. Kh1 a6 12. a4 Rc8 13. Rc1 f6 14. Nd1 Nf7
15. Ne3 fxe5 16. fxe5 Nh6 17. Qg3 Qe8 18. Qh3 Nd8 19. d4 cxd4 20. Nxd4 Ndf7
21. Nxd5 Bg5 22. Rcd1 Nf5 23. Nxf5 exd5 24. Bd3 g6 25. Ng7 Bxh3 26. Nxe8
Bg4 27. e6 Bxd1 28. exf7+ Rxf7 29. Rxf7 Rxe8 30. Rf1 Bg4 31. h3 Bd7 32. Bc3
Bh4 33. Kh2 Bc6 34. Bd4 Bd8 35. g3 Bc7 36. h4 Re6 37. Kh3 Be5 38. Bxe5 Rxe5
39. Rf6 Kg7 40. Rf2 Re1 41. Kg4 Bd7+ 42. Kf4 Kf6 43. Rf1 Re5 44. g4 g5+ 45.
hxg5+ Rxg5 46. Bxh7 Rxg4+ 47. Kf3 Rg7 48. Bd3 Ke5 49. c3 Bc6 50. Re1+ Kd6
51. Ke3 a5 52. Kd2 Kc5 53. Re2 Rg3 54. Re3 Rg1 55. Re1 Rg4 56. Kc2 Rh4 57.
Re2 Bd7 58. Rd2 Rh3 59. Rg2 Rh5 60. Rf2 Be6 61. Rd2 d4 62. Be4 dxc3 63.
Kxc3 b6 64. Bc2 Rh3+ 65. Rd3 Rh2 66. Re3 Bd5 67. Rg3 Rh4 1/2-1/2

[Event "Max Euwe Challenge"]
[Site "Amsterdam NED"]
[Date "2010.02.23"]
[Round "5"]
[White "Shiven,K"]
[Black "Singh,Gurp"]
[Result "1-0"]
[WhiteElo "2291"]
[BlackElo "2303"]
[EventDate "2010.02.21"]

1. e4 c5 2. Nf3 Nc6 3. d4 cxd4 4. Nxd4 g6 5. c4 Bg7 6. Be3 Nf6 7. Nc3 Ng4
8. Qxg4 Nxd4 9. Qd1 Ne6 10. Be2 Bxc3+ 11. bxc3 Qa5 12. Qd2 b6 13. O-O Bb7
14. f3 g5 15. Rfd1 Bc6 16. Bf1 Rc8 17. c5 bxc5 18. Bxg5 Nxg5 19. Qxg5 Qxc3
20. Rac1 h6 21. Rxc3 hxg5 22. Rxc5 f6 23. Bb5 Kf7 24. Rdc1 Rhd8 25. h3 Rb8
26. Bxc6 dxc6 27. Rxc6 Rb2 28. R1c2 Rd1+ 29. Kh2 Rdb1 30. Rxb2 Rxb2 31. Ra6
Rb7 32. Kg3 Kg6 33. Kg4 Rc7 34. g3 Rd7 35. h4 gxh4 36. gxh4 Kf7 37. Kf5 Rb7
38. f4 Rb5+ 39. e5 fxe5 40. fxe5 Rb4 41. h5 Rh4 42. Rh6 Ra4 43. Rh7+ Ke8
44. Rh8+ Kf7 45. Rh7+ Ke8 46. h6 Rxa2 47. Rh8+ Kd7 48. e6+ Kc7 49. Re8 Rf2+
50. Kg6 Rg2+ 51. Kf7 Rf2+ 52. Kxe7 Rh2 53. Rh8 a5 54. Kf6 Rf2+ 55. Ke5 Re2+
56. Kd5 1-0

[Event "Max Euwe Challenge"]
[Site "Amsterdam NED"]
[Date "2010.02.23"]
[Round "5"]
[White "Vedder,H"]
[Black "Schut,L"]
[Result "1-0"]
[WhiteElo "2377"]
[BlackElo "2219"]
[EventDate "2010.02.21"]

1. e4 c5 2. Nf3 d6 3. c3 Nf6 4. Bd3 Bg4 5. h3 Bh5 6. Bc2 Nc6 7. d3 e6 8.
Nbd2 Be7 9. Nf1 Ne5 10. g4 Bg6 11. Ng3 Nfd7 12. O-O Qc7 13. Ne1 Nc6 14. f4
Bh4 15. Qf3 f5 16. Ng2 Bxg3 17. Qxg3 O-O-O 18. Ne3 Ne7 19. Bd2 Nf6 20. Qg2
Kb8 21. Rae1 Be8 22. g5 Nd7 23. Bb3 fxe4 24. dxe4 e5 25. f5 Nb6 26. Be6 Bd7
27. Nd5 Nbxd5 28. exd5 Rdf8 29. Qe4 Qc8 30. Kh2 Ng8 31. b4 c4 32. Qh4 Ne7
33. Qg4 Bxe6 34. dxe6 Nd5 35. Qe4 Qc6 36. a4 Nc7 37. e7 Rf7 38. f6 gxf6 39.
gxf6 Qd7 40. Qxc4 d5 41. Qh4 Qd6 42. Qg5 e4+ 43. Bf4 Qc6 44. Be5 Re8 45.
Rd1 Ka8 46. Qh5 e3 47. Qxf7 e2 48. Bxc7 Qxc7+ 49. Kg2 Qc8 50. Qxe8 1-0

[Event "Max Euwe Challenge"]
[Site "Amsterdam NED"]
[Date "2010.02.23"]
[Round "5"]
[White "Kleijn,C"]
[Black "Wemmers,X"]
[Result "1-0"]
[WhiteElo "2359"]
[BlackElo "2404"]
[EventDate "2010.02.21"]

1. e4 e6 2. d4 d5 3. Nc3 Bb4 4. e5 b6 5. Qg4 Bf8 6. Nh3 Qd7 7. Nf4 Nc6 8.
Be3 Bb7 9. O-O-O O-O-O 10. a3 g6 11. Bd3 h5 12. Qe2 Bh6 13. Bb5 Kb8 14. f3
Nge7 15. g4 Qc8 16. Ng2 Bxe3+ 17. Qxe3 Na5 18. Qg5 Ng8 19. Nf4 h4 20. Nh3
Nh6 21. b4 Nc4 22. Bxc4 dxc4 23. Qf4 Bc6 24. Ng5 Qd7 25. Rhe1 Kb7 26. Re3
a5 27. bxa5 Ra8 28. axb6 Rxa3 29. Nce4 Ra1+ 30. Kb2 Ra5 31. Ra3 Rb5+ 32.
Kc1 Qe7 33. Nc5+ Rxc5 34. dxc5 Qxc5 35. Qe3 Qxe3+ 36. Rxe3 cxb6 37. Ne4 b5
38. Kb2 Kb6 39. c3 Ra8 40. Nd6 Kc5 41. Ra1 Rxa1 42. Kxa1 f5 43. gxf5 gxf5
44. f4 Bg2 45. h3 Ng8 46. Re2 Bc6 47. Nf7 Ne7 48. Ng5 Bd7 49. Nh7 Nd5 50.
Nf6 Bc6 51. Nxd5 exd5 52. e6 b4 53. e7 Be8 54. Ra2 bxc3 55. Ra8 Bd7 56.
e8=Q Bxe8 57. Rxe8 Kd4 58. Kb1 Kd3 59. Kc1 d4 60. Re7 c2 61. Re5 c3 62.
Rxf5 Ke4 63. Rf8 d3 64. f5 1-0

[Event "Max Euwe Challenge"]
[Site "Amsterdam NED"]
[Date "2010.02.25"]
[Round "6"]
[White "Schut,L"]
[Black "Shiven,K"]
[Result "0-1"]
[WhiteElo "2219"]
[BlackElo "2291"]
[EventDate "2010.02.21"]

1. e4 c5 2. Nf3 d6 3. d4 cxd4 4. Nxd4 Nf6 5. Nc3 Nc6 6. Bg5 e6 7. Qd2 Qb6
8. Bxf6 gxf6 9. Nb3 a6 10. f4 Bd7 11. O-O-O O-O-O 12. Be2 Rg8 13. Bh5 Rg7
14. Rhf1 Kb8 15. Kb1 Na5 16. Nxa5 Qxa5 17. f5 Qe5 18. g3 Rc8 19. Bf3 Bc6
20. Bg2 Rg8 21. Qf2 Bg7 22. Rfe1 Qc5 23. Qf4 Rcd8 24. Re2 Qe5 25. Qf2 Rge8
26. Bh3 Bh6 27. Qf3 Bg5 28. Qh5 Rf8 29. Bg2 Qc5 30. Qg4 Rfe8 31. a3 Be3 32.
Rd3 Bd4 33. Red2 Be5 34. Qd1 Qb6 35. Bf3 Rc8 36. Ka2 Re7 37. b3 Qc5 38. Ne2
Rec7 39. Nd4 Bd7 40. Bg4 exf5 41. Bxf5 Bxf5 42. exf5 d5 43. Qb1 Qb6 44. Nf3
Bc3 45. Re2 Rc5 46. Qc1 Ka8 47. Qf4 Qc6 48. Kb1 d4 49. Qe4 Qb6 50. Qf4 Ra5
51. Nxd4 Qb4 52. a4 Rxa4 53. Rxc3 Rxc3 54. Re8+ Ka7 55. Qf2 0-1

[Event "Max Euwe Challenge"]
[Site "Amsterdam NED"]
[Date "2010.02.25"]
[Round "6"]
[White "Riemersma,L"]
[Black "Vedder,H"]
[Result "1-0"]
[WhiteElo "2431"]
[BlackElo "2377"]
[EventDate "2010.02.21"]

1. d4 Nf6 2. c4 e6 3. Nc3 Bb4 4. Qc2 c5 5. dxc5 Na6 6. a3 Bxc3+ 7. Qxc3
Nxc5 8. f3 d5 9. cxd5 Qxd5 10. e4 Qh5 11. Bf4 Na4 12. Qb4 Bd7 13. Bd6 Bc6
14. Nh3 Nd7 15. Rc1 Nab6 16. Be2 e5 17. O-O Qh6 18. Rfd1 Qe3+ 19. Kf1 a5
20. Qe1 Nc8 21. Bc7 Ba4 22. Rd3 Qh6 23. Bxa5 O-O 24. Bd2 Qe6 25. Bb4 Re8
26. Qd2 Ndb6 27. Rd8 h6 28. Nf2 Bc6 29. Rxe8+ Qxe8 30. Ng4 Na7 31. Ne3 Rd8
32. Qe1 Bb5 33. Ba5 Rd6 34. Nf5 Re6 35. Rc7 Bxe2+ 36. Qxe2 Qa4 37. Be1 Nc6
38. Rxb7 Nd4 39. Qd3 Qa8 40. Nxd4 exd4 41. Rc7 Qd8 42. Rc2 Rd6 43. Bb4 Rd7
44. Ba5 Rd6 45. b4 Qd7 46. e5 Re6 47. Bxb6 Rxb6 1-0

[Event "Max Euwe Challenge"]
[Site "Amsterdam NED"]
[Date "2010.02.25"]
[Round "6"]
[White "Singh,Gurp"]
[Black "Kleijn,C"]
[Result "0-1"]
[WhiteElo "2303"]
[BlackElo "2359"]
[EventDate "2010.02.21"]

1. e4 c5 2. Nc3 a6 3. f4 b5 4. d4 cxd4 5. Qxd4 Nc6 6. Qf2 e6 7. Nf3 d6 8.
Bd3 Bb7 9. O-O Be7 10. Kh1 b4 11. Na4 Nf6 12. e5 dxe5 13. fxe5 Ng4 14. Qg3
h5 15. b3 Nd4 16. Nd2 Nf5 17. Bxf5 exf5 18. Nf3 h4 19. Qf4 h3 20. g3 Qc8
21. Kg1 Qxc2 22. Bd2 Rd8 23. Rac1 Qd3 0-1

[Event "Max Euwe Challenge"]
[Site "Amsterdam NED"]
[Date "2010.02.25"]
[Round "6"]
[White "Bezemer,A"]
[Black "Wemmers,X"]
[Result "1-0"]
[WhiteElo "2343"]
[BlackElo "2404"]
[EventDate "2010.02.21"]

1. d4 d5 2. c4 c6 3. Nf3 Nf6 4. Nc3 dxc4 5. a4 Na6 6. e4 Bg4 7. Bxc4 e6 8.
O-O Be7 9. Be3 Nb4 10. Rc1 Nd7 11. h3 Bh5 12. Qe2 Qa5 13. Rfd1 O-O 14. g4
Bg6 15. d5 exd5 16. exd5 Rad8 17. dxc6 bxc6 18. Bxa7 Bc5 19. Bxc5 Nxc5 20.
Rxd8 Qxd8 21. Rd1 Qf6 22. Ne5 h5 23. Qe3 Ne6 24. Nd7 Qg5 25. Bxe6 Qxe3 26.
fxe3 Re8 27. Bf5 Bxf5 28. gxf5 Rxe3 29. Kg2 Nd3 30. Ra1 Re7 31. Nb6 Nxb2
32. a5 Nd3 33. a6 Ra7 34. Nc8 Ra8 35. a7 1-0

[Event "Max Euwe Challenge"]
[Site "Amsterdam NED"]
[Date "2010.02.25"]
[Round "6"]
[White "Motoc,A"]
[Black "Afek,Y"]
[Result "1-0"]
[WhiteElo "2349"]
[BlackElo "2280"]
[EventDate "2010.02.21"]

1. d4 g6 2. c4 Bg7 3. Nc3 Nf6 4. e4 O-O 5. h3 c5 6. d5 e5 7. Bd3 d6 8. Nge2
a6 9. Bg5 h6 10. Be3 Nbd7 11. g4 Rb8 12. a4 Kh7 13. Ng3 Ng8 14. h4 Ndf6 15.
g5 Ne8 16. h5 b6 17. gxh6 Bf6 18. hxg6+ fxg6 19. Qd2 Nc7 20. O-O-O Bd7 21.
f4 exf4 22. Bxf4 Be5 23. Bxe5 dxe5 24. Rdg1 b5 25. Nf5 Be8 26. Qh2 Qf6 27.
d6 Ne6 28. Nd5 Qh8 29. Ng7 Bf7 30. Nxe6 Bxe6 31. Rxg6 Kxg6 32. Qh5+ Kh7 33.
Rg1 Rf6 34. Rg7+ Qxg7 35. hxg7+ Kxg7 36. Nxf6 Nxf6 37. Qxe5 Kf7 38. cxb5 c4
39. Bxc4 Bxc4 40. Qe7+ Kg6 41. Qc7 1-0

[Event "Max Euwe Challenge"]
[Site "Amsterdam NED"]
[Date "2010.02.26"]
[Round "7"]
[White "Shiven,K"]
[Black "Riemersma,L"]
[Result "1/2-1/2"]
[WhiteElo "2291"]
[BlackElo "2431"]
[EventDate "2010.02.21"]

1. e4 e5 2. Nf3 Nc6 3. Bb5 a6 4. Ba4 Nf6 5. O-O b5 6. Bb3 Bc5 7. c3 d6 8.
a4 Bg4 9. Qe2 O-O 10. d3 Rb8 11. Be3 Nd7 12. Nbd2 Kh8 13. h3 Bh5 14. Rfe1
Ne7 15. axb5 axb5 16. Bc2 b4 17. d4 bxc3 18. bxc3 exd4 19. Bxd4 Nc6 20.
Bxc5 Nxc5 21. Qe3 Qe7 22. Nd4 Qd7 23. N2b3 Nxb3 1/2-1/2